000 00723nam a2200253Ia 4500
003 OSt
005 20220918164339.0
006 a|||||r|||| 00| 0
007 ta
008 220917b |||||||| |||| 00| 0 eng d
020 _a0521599865 (pbk)
024 _a195,713
037 _cTextual
040 _aARTS
_cARTS
_beng
041 _2eng
_aeng
082 _aZ(Q7),91, N7
100 _aHallaq Wael B
_918463
245 0 _aHistory of Islalmic legal theories
_b an introduction to Sunni usual Al-fiqh
260 _aCambridge
_bCambridge University Press
_c1997
300 _aix, 294 p.
_ccm.
650 _aLAW
_97240
942 _hZ(Q7),91, N7
_cTEXL
_2CC
999 _c124371
_d124371